000 00572nam a2200205Ii 4500
003 JO-AjNU
008 230606s9999||||xx |||||||||||||| ||und||
020 _a0-324-31156-7
040 _aJO-AjNU
_beng
_erda
_cJO-AjNU
041 _aeng
050 1 4 _aHB171.2006
100 3 _aHirschey,Mark,
_eauthor
_91730
245 0 0 _aECONOMICS FOR MANAGERS
264 3 1 _aAustralia:THOMSON SOUTH-WESTERN.2006
300 _a745p
336 _atext
_btxt
_2rdacontent
337 _aunmediated
_bn
_2rdamedia
338 _avolume
_bnc
_2rdacarrier
650 4 _a Managerial economics
_91731
999 _aE913
_c913
_d913